[Event "Africa-ch U20 Girls"]
[Site "Tiaret ALG"]
[Date "2014.01.25"]
[Round "1"]
[White "Ait Abbas, Nesrine"]
[Black "Hamlaoui, Asma"]
[Result "0-1"]
[WhiteElo "1420"]
[BlackElo "1630"]
[EventDate "2014.01.25"]
[PlyCount "88"]

1.c4 Nf6 2.Nc3 g6 3.g3 Bg7 4.Bg2 d6 5.d4 O-O 6.Nf3 c6 7.O-O Bg4 8.e3 Qc8 
9.b3 Na6 10.Bb2 Nc7 11.Qd2 Qd7 12.d5 cxd5 13.Nxd5 Ne4 14.Qc1 Nxd5 15.Bxg7 
Kxg7 16.cxd5 Nf6 17.Nd2 h5 18.h4 Rac8 19.Qb2 Bh3 20.Kh2 Bxg2 21.Kxg2 Qf5 
22.e4 Qg4 23.f3 Qd7 24.Rac1 Kh7 25.Nc4 Qd8 26.Qd2 Nd7 27.f4 Nf6 28.Qd3 Qd7
29.Qf3 Rc7 30.Ne3 Rfc8 31.Rc4 b5 32.Rxc7 Qxc7 33.Kh1 Qd7 34.f5 Rc3 35.Qf4 
Qc8 36.Kg2 Qc5 37.Nd1 Rc2+ 38.Rf2 Rc1 39.Qf3 Qd4 40.Ne3 Nxe4 41.Re2 Nf6 
42.Qf4 Qd3 43.Qf3 Rc3 44.fxg6+ fxg6 0-1

[Event "Africa-ch U20 Girls"]
[Site "Tiaret ALG"]
[Date "2014.01.25"]
[Round "1"]
[White "Domingos, Maria M"]
[Black "De Castro, Neusa Aridas"]
[Result "1-0"]
[WhiteElo "1477"]
[BlackElo "1462"]
[EventDate "2014.01.25"]
[PlyCount "57"]

1.e4 e5 2.Nf3 Nc6 3.Bc4 Nf6 4.d3 Bc5 5.Nc3 d6 6.Bg5 h6 7.Bh4 O-O 8.h3 Nb8 
9.Qd2 a6 10.g4 Nbd7 11.g5 hxg5 12.Qxg5 Kh8 13.Rg1 Bxf2+ 14.Kxf2 Nxe4+ 15.
Nxe4 Qxg5 16.Nexg5 Nc5 17.Nxf7+ Kh7 18.Rg3 Ne6 19.Bxe6 Bxe6 20.N7g5+ Kh8 
21.Nxe6 Rf7 22.Ke2 e4 23.dxe4 Re7 24.Rg6 Kh7 25.Rag1 Kh8 26.Nfd4 c5 27.Nf5
b5 28.Bxe7 Rf8 29.Nxf8 1-0

[Event "Africa-ch U20 Girls"]
[Site "Tiaret ALG"]
[Date "2014.01.25"]
[Round "1"]
[White "Lahmar, Chaima"]
[Black "Oussedik, Nassila"]
[Result "0-1"]
[WhiteElo "1525"]
[BlackElo "1611"]
[EventDate "2014.01.25"]
[PlyCount "82"]

1.e4 c5 2.Nf3 g6 3.Bc4 Bg7 4.d3 Nc6 5.c3 Nf6 6.Be3 d6 7.h3 O-O 8.O-O Bd7 
9.e5 dxe5 10.Bxc5 b6 11.Be3 e4 12.dxe4 Nxe4 13.Bd5 Nd6 14.Nd4 Rc8 15.Nxc6 
Bxc6 16.Bxc6 Rxc6 17.Qf3 Rc8 18.Rd1 Qd7 19.Nd2 Qb5 20.Nb3 Nc4 21.Qe2 a5 
22.Bc1 Rfd8 23.Rxd8+ Rxd8 24.Nd2 Rc8 25.Nxc4 Qxc4 26.Qxe7 Qb5 27.Qe1 Re8 
28.Qd1 f5 29.Rb1 Bxc3 30.Qc2 Re1+ 31.Kh2 Be5+ 32.g3 Qd5 33.Qb3 Qxb3 34.
axb3 Bd4 35.f4 Be3 36.Bxe3 Rxb1 37.Bd4 b5 38.Bb6 Rxb2+ 39.Kg1 Rxb3 40.Bxa5
Rxg3+ 41.Kh2 Rb3 0-1

[Event "Africa-ch U20 Girls"]
[Site "Tiaret ALG"]
[Date "2014.01.25"]
[Round "1"]
[White "Lalaoui, Feriel"]
[Black "Tavares, Domingas"]
[Result "1-0"]
[WhiteElo "1733"]
[BlackElo "1506"]
[EventDate "2014.01.25"]
[PlyCount "63"]

1.e4 c5 2.Nf3 d6 3.d4 cxd4 4.Nxd4 Nf6 5.Nc3 g6 6.Be3 Bg7 7.f3 a6 8.Qd2 h5 
9.h4 b5 10.O-O-O Bb7 11.a3 Nbd7 12.Nde2 Rc8 13.Nd5 Nc5 14.Nxf6+ Bxf6 15.
Kb1 Bg7 16.g3 Qc7 17.Bh3 Nd7 18.Nd4 Qc4 19.g4 Ba8 20.gxh5 Rxh5 21.Bg4 Rh7 
22.h5 e5 23.Nb3 gxh5 24.Bxd7+ Kxd7 25.Qxd6+ Ke8 26.Qd7+ Kf8 27.Bc5+ Qxc5 
28.Nxc5 Re8 29.Qc7 Bf6 30.Nd7+ Kg7 31.Rdg1+ Kh8 32.Nxf6 1-0

[Event "Africa-ch U20 Girls"]
[Site "Tiaret ALG"]
[Date "2014.01.25"]
[Round "1"]
[White "Yousfi, Yasmine"]
[Black "Caxito, Esperanca"]
[Result "0-1"]
[WhiteElo "1621"]
[BlackElo "1705"]
[EventDate "2014.01.25"]
[PlyCount "135"]

1.c4 Nf6 2.Nc3 e5 3.g3 Bc5 4.Bg2 c6 5.e3 d5 6.cxd5 cxd5 7.Nge2 Nc6 8.d4 
Bb4 9.dxe5 Nxe5 10.a3 Bxc3+ 11.Nxc3 Be6 12.O-O O-O 13.b4 Rc8 14.Bb2 Nc4 
15.Na4 Nxb2 16.Nxb2 Qd7 17.Nd3 Rfd8 18.Nc5 Qe7 19.Rc1 b6 20.Nb3 Rc4 21.Nd4
Rdc8 22.Qd2 Bd7 23.Rfd1 Ba4 24.Re1 Qd7 25.Ne2 Rc2 26.Rxc2 Rxc2 27.Qd3 Ne4 
28.Bxe4 dxe4 29.Qxd7 Bxd7 30.Rd1 Be8 31.Rd8 Kf8 32.Nd4 Rc1+ 33.Kg2 g6 34.
Ra8 Rc7 35.Nb5 Rd7 36.Nxa7 Rd5 37.Rb8 b5 38.Nc6 Rd6 39.Nd4 Rd5 40.Ne2 Ke7 
41.Nc3 Re5 42.Kf1 Kd6 43.Ke2 Kc7 44.Ra8 Bc6 45.Ra7+ Bb7 46.Ra5 Kb6 47.Kd2 
Rf5 48.Ke1 Bc6 49.Ne2 Rd5 50.Nd4 Bb7 51.Nb3 Rh5 52.h4 Rd5 53.Nc5 Rxc5 54.
Kd2 h5 55.Kd1 Rc3 56.Kd2 Rb3 57.Kd1 f6 58.Ke1 g5 59.hxg5 fxg5 60.Kf1 Rb2 
61.Kg1 h4 62.Kg2 Bc8 63.gxh4 gxh4 64.Ra8 h3+ 65.Kg1 Kb7 66.Ra5 Bd7 67.Kf1 
Rb1+ 68.Ke2 0-1

[Event "Africa-ch U20 Girls"]
[Site "Tiaret ALG"]
[Date "2014.01.26"]
[Round "2"]
[White "Caxito, Esperanca"]
[Black "Domingos, Maria M"]
[Result "1/2-1/2"]
[WhiteElo "1705"]
[BlackElo "1477"]
[EventDate "2014.01.25"]
[PlyCount "66"]

1.e4 e5 2.Nf3 Nf6 3.Nc3 Nc6 4.Bc4 Bc5 5.O-O O-O 6.d3 h6 7.h3 d6 8.a3 a6 9.
Re1 Be6 10.Ba2 Qd7 11.Bxe6 Qxe6 12.Be3 Ba7 13.Qd2 Kh7 14.Nh4 Bxe3 15.Qxe3 
Nd4 16.Rac1 Rfe8 17.Nf3 c5 18.Ne2 Nxe2+ 19.Qxe2 Nh5 20.Kh2 Nf4 21.Qe3 f5 
22.exf5 Qxf5 23.Qe4 Qxe4 24.Rxe4 Rf8 25.Rce1 Rae8 26.Nd2 g5 27.R4e3 Rf6 
28.Rf3 Ref8 29.Ree3 Nd5 30.Re4 Rxf3 31.Nxf3 Nf6 32.b3 Nd5 33.Kg3 Rf7 
1/2-1/2

[Event "Africa-ch U20 Girls"]
[Site "Tiaret ALG"]
[Date "2014.01.26"]
[Round "2"]
[White "Hamlaoui, Asma"]
[Black "Yousfi, Yasmine"]
[Result "1-0"]
[WhiteElo "1630"]
[BlackElo "1621"]
[EventDate "2014.01.25"]
[PlyCount "79"]

1.e4 c6 2.d4 d5 3.exd5 cxd5 4.Bd3 Nc6 5.c3 Nf6 6.Bf4 Bg4 7.Qb3 Qd7 8.Nd2 
e6 9.Ngf3 Bd6 10.Ne5 Qc7 11.Nxg4 Bxf4 12.Nxf6+ gxf6 13.Nf3 Qd7 14.Qc2 f5 
15.Qe2 Kf8 16.g3 Bc7 17.O-O h5 18.Qe3 Qe7 19.Rae1 Rg8 20.Qh6+ Ke8 21.Bxf5 
Qf8 22.Qxh5 Kd7 23.Bd3 Rh8 24.Qg5 f6 25.Qd2 Re8 26.Kg2 Kc8 27.Bb5 Qf7 28.
Rd1 Reg8 29.Rfe1 Nd8 30.c4 f5 31.cxd5 exd5 32.Rc1 Kb8 33.Ne5 Qh5 34.Rh1 
Qh3+ 35.Kg1 Qh5 36.Nd7+ Ka8 37.Rxc7 Ne6 38.Nf6 Qh6 39.Nxg8 Nxc7 40.Nxh6 
1-0

[Event "Africa-ch U20 Girls"]
[Site "Tiaret ALG"]
[Date "2014.01.26"]
[Round "2"]
[White "Lahmar, Chaima"]
[Black "Lalaoui, Feriel"]
[Result "0-1"]
[WhiteElo "1525"]
[BlackElo "1733"]
[EventDate "2014.01.25"]
[PlyCount "58"]

1.e4 e5 2.Nf3 Nc6 3.Bc4 Bc5 4.Nc3 Nf6 5.d3 d6 6.O-O a6 7.a3 Be6 8.Nd5 h6 
9.Bd2 Bxd5 10.Bxd5 Nxd5 11.exd5 Ne7 12.c4 Qd7 13.Re1 Nf5 14.Bc3 O-O 15.d4 
exd4 16.Nxd4 Ne7 17.Nb3 Ba7 18.Bd4 b5 19.Bxa7 Rxa7 20.cxb5 axb5 21.Qf3 Ng6
22.Qe3 Raa8 23.Qc3 Qf5 24.Rad1 Rae8 25.Rxe8 Rxe8 26.Qd2 Qe4 27.Kf1 Nf4 28.
f3 Qc4+ 29.Kg1 Qxb3 0-1

[Event "Africa-ch U20 Girls"]
[Site "Tiaret ALG"]
[Date "2014.01.26"]
[Round "2"]
[White "Oussedik, Nassila"]
[Black "De Castro, Neusa Aridas"]
[Result "1-0"]
[WhiteElo "1611"]
[BlackElo "1462"]
[EventDate "2014.01.25"]
[PlyCount "131"]

1.e4 e5 2.Nf3 Nc6 3.Bc4 Nf6 4.d3 h6 5.Be3 d6 6.h3 Be7 7.Nc3 a6 8.O-O O-O 
9.Qd2 Kh7 10.d4 b5 11.Bd3 Nb4 12.dxe5 dxe5 13.Nxe5 Nxd3 14.Qxd3 Qe8 15.Nf3
Kh8 16.Nd5 Nxd5 17.Qxd5 Bd7 18.Ne5 Be6 19.Qc6 Qc8 20.f4 Bd6 21.Bd4 Bxe5 
22.Bxe5 Ra7 23.f5 Qd7 24.Qc5 Raa8 25.fxe6 Qxe6 26.Qxc7 Rac8 27.Qd6 Qxd6 
28.Bxd6 Rfe8 29.e5 Kg8 30.Rf2 Re6 31.Rd1 Rc6 32.Rfd2 f6 33.exf6 Rxf6 34.
Be5 Rfe6 35.Bd4 Re8 36.c3 a5 37.a3 Kh7 38.Kf1 Rf8+ 39.Rf2 Re8 40.Re1 Ra8 
41.Re7 Rg6 42.Rff7 Rg8 43.Rb7 b4 44.axb4 axb4 45.Rxb4 h5 46.Rbb7 Rg5 47.b4
Rg6 48.b5 Rg5 49.b6 Rg6 50.Rbc7 Rg5 51.b7 Rb5 52.Rxg7+ Rxg7 53.Rxg7+ Kh6 
54.Re7 Rb1+ 55.Kf2 Rb2+ 56.Kg3 Kg5 57.Be5 h4+ 58.Kf3 Kf5 59.b8=Q Rxb8 60.
Bxb8 Kg5 61.Re5+ Kf6 62.Kf4 Kg6 63.Re6+ Kh5 64.Re7 Kh6 65.Kf5 Kh5 66.Rh7# 
1-0

[Event "Africa-ch U20 Girls"]
[Site "Tiaret ALG"]
[Date "2014.01.26"]
[Round "2"]
[White "Tavares, Domingas"]
[Black "Ait Abbas, Nesrine"]
[Result "1/2-1/2"]
[WhiteElo "1506"]
[BlackElo "1420"]
[EventDate "2014.01.25"]
[PlyCount "120"]

1.e4 c6 2.d4 d5 3.Nc3 dxe4 4.Nxe4 Bf5 5.Nc3 Nf6 6.Bc4 e6 7.Nf3 Bd6 8.O-O 
Nbd7 9.Be3 O-O 10.Ne2 Qc7 11.Ng3 Bg6 12.c3 Ng4 13.Bd2 Ndf6 14.Qe2 Rae8 15.
Rae1 e5 16.dxe5 Nxe5 17.Nxe5 Rxe5 18.Qf3 Rfe8 19.Rxe5 Rxe5 20.Bf4 Re8 21.
Bxd6 Qxd6 22.Rd1 Qe5 23.Kf1 a6 24.Bd3 Bxd3+ 25.Qxd3 Nd5 26.Qf5 Qc7 27.Re1 
Rxe1+ 28.Kxe1 Qe7+ 29.Qe4 Kf8 30.Qxe7+ Nxe7 31.Ke2 f6 32.Ke3 Kf7 33.Ne4 b6
34.h3 Ke6 35.c4 Nf5+ 36.Kf4 c5 37.g4 Ne7 38.a4 Ng6+ 39.Ke3 Ne5 40.b3 Nc6 
41.f4 g6 42.Nd2 Nd4 43.h4 h6 44.Kd3 Nc6 45.Ke4 Nd4 46.b4 a5 47.bxc5 bxc5 
48.Kd3 f5 49.g5 h5 50.Ke3 Nc2+ 51.Kf2 Nd4 52.Kf1 Nc6 53.Nf3 Ne7 54.Ke2 Kd6
55.Kd3 Ke6 56.Ng1 Nc6 57.Nf3 Kd6 58.Ng1 Nb4+ 59.Kc3 Ke6 60.Nf3 Nc6 1/2-1/2

[Event "Africa-ch U20 Girls"]
[Site "Tiaret ALG"]
[Date "2014.01.27"]
[Round "3"]
[White "Ait Abbas, Nesrine"]
[Black "Lahmar, Chaima"]
[Result "1/2-1/2"]
[WhiteElo "1420"]
[BlackElo "1525"]
[EventDate "2014.01.25"]
[PlyCount "96"]

1.c4 Nf6 2.Nc3 g6 3.g3 Bg7 4.Bg2 O-O 5.Nf3 d6 6.O-O Nbd7 7.d3 Nb6 8.Bd2 
Re8 9.b4 c6 10.Rb1 d5 11.c5 Nbd7 12.d4 e5 13.dxe5 Nxe5 14.Nxe5 Rxe5 15.a4 
a6 16.Bf4 Re8 17.e3 Nh5 18.Ne2 Nxf4 19.Nxf4 Bf5 20.Rb3 Rb8 21.Ne2 Be4 22.
Nd4 Bxg2 23.Kxg2 Qe7 24.Kg1 a5 25.Qd2 axb4 26.Qxb4 Bf8 27.Rc1 Qc7 28.a5 
Qd7 29.Rcb1 Qe7 30.Rc1 Rec8 31.Qb6 Qc7 32.Qxc7 Rxc7 33.a6 Ra8 34.axb7 Rb8 
35.Kg2 Rbxb7 36.Rxb7 Rxb7 37.Nxc6 Rb5 38.Nd4 Rxc5 39.Rxc5 Bxc5 40.Kf3 Kg7 
41.Nb5 Bb6 42.Kf4 Kf6 43.h4 h5 44.f3 Ba5 45.g4 hxg4 46.fxg4 Bb6 47.e4 dxe4
48.Kxe4 Bd4 1/2-1/2

[Event "Africa-ch U20 Girls"]
[Site "Tiaret ALG"]
[Date "2014.01.27"]
[Round "3"]
[White "De Castro, Neusa Aridas"]
[Black "Caxito, Esperanca"]
[Result "0-1"]
[WhiteElo "1462"]
[BlackElo "1705"]
[EventDate "2014.01.25"]
[PlyCount "82"]

1.e4 e5 2.Nf3 d6 3.d3 Be7 4.Nc3 Nf6 5.Be2 Nbd7 6.Be3 c6 7.O-O d5 8.exd5 
cxd5 9.Bd2 O-O 10.h3 h6 11.Nh2 Bd6 12.Ng4 Nxg4 13.Bxg4 Nf6 14.Bf3 Bb8 15.
Ne2 e4 16.Bg4 Nxg4 17.hxg4 Bxg4 18.Re1 Qd6 19.g3 Bf3 20.Qc1 Qg6 21.Nd4 
Bxg3 22.Nxf3 exf3 23.Bg5 Bh4 24.Re5 Bxg5 25.Rxg5 Qxg5+ 26.Qxg5 hxg5 27.Re1
Rfe8 28.Rd1 Re2 29.Rc1 Rc8 30.c4 Rxb2 31.a4 Rb4 32.a5 dxc4 33.dxc4 Rbxc4 
34.Rd1 Rc1 35.Rxc1 Rxc1+ 36.Kh2 g4 37.Kg3 f5 38.Kh2 g5 39.Kg3 Rf1 40.Kh2 
Rxf2+ 41.Kg3 Rg2# 0-1

[Event "Africa-ch U20 Girls"]
[Site "Tiaret ALG"]
[Date "2014.01.27"]
[Round "3"]
[White "Domingos, Maria M"]
[Black "Hamlaoui, Asma"]
[Result "0-1"]
[WhiteElo "1477"]
[BlackElo "1630"]
[EventDate "2014.01.25"]
[PlyCount "58"]

1.e4 e6 2.d4 d5 3.e5 c5 4.c3 Nc6 5.Nf3 Qb6 6.Bd3 Bd7 7.Bc2 Nge7 8.h3 Ng6 
9.b3 cxd4 10.Bxg6 hxg6 11.Bb2 dxc3 12.Nxc3 Bb4 13.Rc1 d4 14.Nxd4 Nxd4 15.
O-O Bxc3 16.Rxc3 Nf5 17.Qd2 Rd8 18.Re1 Bc6 19.Qc1 O-O 20.Qg5 Qa5 21.a3 Qd5
22.Bc1 Rd7 23.Qg4 Rfd8 24.Bg5 Rc8 25.b4 Qd4 26.Qxd4 Nxd4 27.Kh2 Bb5 28.Rc5
a6 29.Rd1 Nf3+ 0-1

[Event "Africa-ch U20 Girls"]
[Site "Tiaret ALG"]
[Date "2014.01.27"]
[Round "3"]
[White "Lalaoui, Feriel"]
[Black "Oussedik, Nassila"]
[Result "0-1"]
[WhiteElo "1733"]
[BlackElo "1611"]
[EventDate "2014.01.25"]
[PlyCount "66"]

1.e4 c5 2.Nf3 g6 3.d4 cxd4 4.Nxd4 Bg7 5.Nc3 Nc6 6.Be3 Nf6 7.Bc4 Qa5 8.O-O 
O-O 9.Bb3 d6 10.h3 Bd7 11.f4 Rac8 12.Nd5 Nxd5 13.exd5 Nb4 14.Qe1 Rc5 15.
Ne2 Nxd5 16.Bxc5 Qxc5+ 17.Kh1 Ne3 18.Rf3 Bc6 19.Rg3 Bf6 20.Nc3 Nf5 21.Rg4 
h5 22.Rxg6+ Kh7 23.Rxf6 exf6 24.Ne4 Bxe4 25.Kh2 d5 26.Qe2 Kh6 27.g4 Nd4 
28.g5+ fxg5 29.fxg5+ Kg6 30.Qf1 Nf3+ 31.Kg3 Qd6+ 32.Kf2 Qh2+ 33.Ke3 Qd2# 
0-1

[Event "Africa-ch U20 Girls"]
[Site "Tiaret ALG"]
[Date "2014.01.27"]
[Round "3"]
[White "Yousfi, Yasmine"]
[Black "Tavares, Domingas"]
[Result "0-1"]
[WhiteElo "1621"]
[BlackElo "1506"]
[EventDate "2014.01.25"]
[PlyCount "62"]

1.c4 Nf6 2.Nc3 Nc6 3.g3 d6 4.Bg2 Bd7 5.d4 Rb8 6.e4 e5 7.d5 Na5 8.Qd3 b6 9.
Nge2 Nb7 10.O-O Nc5 11.Qc2 a5 12.Bg5 Be7 13.f4 Ng4 14.Bxe7 Qxe7 15.Qd2 O-O
16.h3 Nf6 17.Qc2 b5 18.cxb5 Bxb5 19.Nxb5 Rxb5 20.Nc3 Rb4 21.f5 Nh5 22.Ne2 
Nf6 23.Nc3 Rfb8 24.b3 Nh5 25.Kh2 Qg5 26.Qf2 Rd4 27.Rad1 Rbb4 28.Rxd4 Rxd4 
29.Rd1 Rb4 30.Rc1 Qxc1 31.Ne2 Qd2 0-1

[Event "Africa-ch U20 Girls"]
[Site "Tiaret ALG"]
[Date "2014.01.27"]
[Round "4"]
[White "Hamlaoui, Asma"]
[Black "De Castro, Neusa Aridas"]
[Result "1-0"]
[WhiteElo "1630"]
[BlackElo "1462"]
[EventDate "2014.01.25"]
[PlyCount "113"]

1.e4 e5 2.Nf3 Nc6 3.Bb5 d6 4.O-O Bd7 5.c3 Nf6 6.Re1 Be7 7.d4 O-O 8.h3 h6 
9.Nbd2 Nxd4 10.cxd4 Bxb5 11.dxe5 Nh7 12.Qb3 Bc6 13.exd6 Qxd6 14.Nc4 Qb4 
15.Qc2 Rfe8 16.Bf4 Rac8 17.Rad1 Qb5 18.Nd4 Qh5 19.Nxc6 bxc6 20.Rd7 Bd8 21.
e5 Nf8 22.Rd3 Qf5 23.Bxh6 Qg6 24.Bf4 Ne6 25.Bh2 Nd4 26.Qc3 Nf5 27.Na5 Re6 
28.Rc1 Ne7 29.Qc4 Rb8 30.Rcd1 Nd5 31.b3 Be7 32.Nxc6 Rxc6 33.Qxd5 Rd8 34.
Qf3 Rxd3 35.Rxd3 Rc1+ 36.Rd1 Qc2 37.Rf1 Rxf1+ 38.Kxf1 Qc1+ 39.Ke2 Qc2+ 40.
Ke3 Bc5+ 41.Kf4 Qd2+ 42.Kg3 Qg5+ 43.Qg4 Qxe5+ 44.f4 Qe1+ 45.Kf3 Qf2+ 46.
Ke4 Qe3+ 47.Kd5 Qd4+ 48.Kc6 Qd6+ 49.Kb7 Qb6+ 50.Ka8 Qc6+ 51.Kb8 Qe8+ 52.
Qc8 Qxc8+ 53.Kxc8 Bb6 54.f5 c5 55.Bc7 Kf8 56.Bxb6 axb6 57.Kb7 1-0

[Event "Africa-ch U20 Girls"]
[Site "Tiaret ALG"]
[Date "2014.01.27"]
[Round "4"]
[White "Lahmar, Chaima"]
[Black "Yousfi, Yasmine"]
[Result "1-0"]
[WhiteElo "1525"]
[BlackElo "1621"]
[EventDate "2014.01.25"]
[PlyCount "35"]

1.e4 c6 2.d4 d5 3.e5 Bf5 4.h4 h5 5.c4 e6 6.Nc3 Ne7 7.c5 a5 8.Bg5 b6 9.Nb5 
cxb5 10.Bxb5+ Nd7 11.c6 Qb8 12.cxd7+ Kd8 13.Rc1 Qa7 14.Rc3 a4 15.Qc1 Qa5 
16.Kd1 Qxc3 17.Qxc3 g6 18.Qc6 1-0

[Event "Africa-ch U20 Girls"]
[Site "Tiaret ALG"]
[Date "2014.01.27"]
[Round "4"]
[White "Lalaoui, Feriel"]
[Black "Ait Abbas, Nesrine"]
[Result "1-0"]
[WhiteElo "1733"]
[BlackElo "1420"]
[EventDate "2014.01.25"]
[PlyCount "72"]

1.e4 c6 2.d4 d5 3.exd5 cxd5 4.c4 Nf6 5.Nc3 e6 6.Nf3 Nc6 7.c5 Be7 8.Be2 O-O
9.Rb1 b6 10.b4 Bd7 11.b5 Na5 12.c6 Nxc6 13.bxc6 Bxc6 14.Ne5 Bb7 15.O-O Rc8
16.Qb3 Nd7 17.Nxd7 Qxd7 18.Ba3 Rfe8 19.Bb5 Bc6 20.Bxc6 Qxc6 21.Nb5 Qb7 22.
Bxe7 Qxe7 23.Qa4 Rc4 24.Qxa7 Qxa7 25.Nxa7 Ra8 26.Rxb6 Rxd4 27.Nc6 Rd2 28.
a4 h6 29.a5 Ra2 30.g3 Kh7 31.Rfb1 Kg6 32.Rb8 Rxb8 33.Rxb8 d4 34.Rd8 Ra1+ 
35.Kg2 d3 36.Rxd3 Ra4 1-0

[Event "Africa-ch U20 Girls"]
[Site "Tiaret ALG"]
[Date "2014.01.27"]
[Round "4"]
[White "Oussedik, Nassila"]
[Black "Caxito, Esperanca"]
[Result "0-1"]
[WhiteElo "1611"]
[BlackElo "1705"]
[EventDate "2014.01.25"]
[PlyCount "82"]

1.e4 e5 2.Nf3 d6 3.d4 exd4 4.Nxd4 Nf6 5.Nc3 Be7 6.Bc4 Nbd7 7.O-O O-O 8.Be3
Ne5 9.Bb3 c5 10.Nf3 Bg4 11.Bd5 Rb8 12.Kh1 Nh5 13.h3 Bxf3 14.gxf3 Qd7 15.
Kh2 Ng6 16.Ne2 Bf6 17.f4 Bxb2 18.Rb1 Bf6 19.f5 Ne7 20.f4 Bh4 21.Bf2 Nxd5 
22.Qxd5 Nf6 23.Qd3 Bxf2 24.Rxf2 Rfe8 25.Ng3 Qc6 26.Re1 Rbd8 27.Rg2 Rd7 28.
Reg1 Kh8 29.Qc3 Rg8 30.e5 Nd5 31.Qf3 dxe5 32.fxe5 Qh6 33.Rf2 Qe3 34.Qxe3 
Nxe3 35.e6 fxe6 36.fxe6 Re7 37.Rf7 Rxe6 38.Nh5 Nxc2 39.Nxg7 Re2+ 40.Kh1 
Re3 41.Kh2 Ne1 0-1

[Event "Africa-ch U20 Girls"]
[Site "Tiaret ALG"]
[Date "2014.01.27"]
[Round "4"]
[White "Tavares, Domingas"]
[Black "Domingos, Maria M"]
[Result "0-1"]
[WhiteElo "1506"]
[BlackElo "1477"]
[EventDate "2014.01.25"]
[PlyCount "32"]

1.e4 e5 2.Nf3 Nf6 3.Nc3 Nc6 4.Bc4 Bc5 5.d3 h6 6.Be3 Bb6 7.O-O d6 8.h3 Bd7 
9.a3 a6 10.Bxb6 cxb6 11.Bb3 g5 12.h4 Bg4 13.hxg5 hxg5 14.Qe2 Bxf3 15.gxf3 
Qd7 16.Rfe1 Qh3 0-1

[Event "Africa-ch U20 Girls"]
[Site "Tiaret ALG"]
[Date "2014.01.28"]
[Round "5"]
[White "Ait Abbas, Nesrine"]
[Black "Oussedik, Nassila"]
[Result "0-1"]
[WhiteElo "1420"]
[BlackElo "1611"]
[EventDate "2014.01.25"]
[PlyCount "48"]

1.c4 e5 2.Nc3 f5 3.d4 exd4 4.Qxd4 Nc6 5.Qe3+ Be7 6.Nd5 Nf6 7.Nxe7 Ng4 8.
Nxc6+ Nxe3 9.Nxd8 Nc2+ 10.Kd1 Nxa1 11.Nxb7 Bxb7 12.f3 Ba6 13.e3 d5 14.b3 
dxc4 15.bxc4 Rb8 16.Bd3 Kf7 17.Kd2 Rhd8 18.Kc3 c5 19.Bxf5 Rb4 20.Bd3 Rxd3+
21.Kxd3 Bxc4+ 22.Kd2 Bxa2 23.Nh3 Nb3+ 24.Kc2 c4 0-1

[Event "Africa-ch U20 Girls"]
[Site "Tiaret ALG"]
[Date "2014.01.28"]
[Round "5"]
[White "Caxito, Esperanca"]
[Black "Hamlaoui, Asma"]
[Result "1-0"]
[WhiteElo "1705"]
[BlackElo "1630"]
[EventDate "2014.01.25"]
[PlyCount "91"]

1.e4 e6 2.d4 d5 3.Nc3 Nf6 4.e5 Nfd7 5.Nf3 c5 6.Bb5 Nc6 7.Bxc6 bxc6 8.Ne2 
cxd4 9.Nexd4 c5 10.Ne2 Rb8 11.b3 Qc7 12.Bf4 Ba6 13.O-O Be7 14.Re1 Bxe2 15.
Rxe2 O-O 16.Qd2 Nb6 17.h4 Qd7 18.Rd1 Rbd8 19.Bg5 d4 20.Qd3 h6 21.Bd2 Nd5 
22.Re4 Rb8 23.Rg4 f5 24.exf6 Rxf6 25.Ne5 Qb7 26.Ng6 Kf7 27.Re1 Rf5 28.Nxe7
Nxe7 29.Qg3 Rg8 30.Qd6 Qd5 31.Qc7 a6 32.Rge4 Rf6 33.Bf4 Rc8 34.Qa5 Nc6 35.
Qxa6 Rf8 36.Qb7+ Kg8 37.Bg3 R8f7 38.Qc8+ Rf8 39.Qc7 R8f7 40.Qb6 Nb4 41.Re5
Rb7 42.Rxd5 Rxb6 43.Rxc5 Nxa2 44.Be5 Rf7 45.Bxd4 Rf4 46.Rc8+ 1-0

[Event "Africa-ch U20 Girls"]
[Site "Tiaret ALG"]
[Date "2014.01.28"]
[Round "5"]
[White "De Castro, Neusa Aridas"]
[Black "Tavares, Domingas"]
[Result "0-1"]
[WhiteElo "1462"]
[BlackElo "1506"]
[EventDate "2014.01.25"]
[PlyCount "94"]

1.e4 c5 2.Nf3 d6 3.h3 a6 4.a3 Nc6 5.Bc4 Nf6 6.Ng5 Ne5 7.Ba2 h6 8.Nf3 Nxe4 
9.Nxe5 dxe5 10.Qh5 e6 11.Qxe5 Qd4 12.Qxd4 cxd4 13.d3 Nf6 14.O-O e5 15.Re1 
Bd6 16.f4 Nd7 17.fxe5 Bxe5 18.Bf4 f6 19.Nd2 Kd8 20.Bxe5 fxe5 21.Nc4 Re8 
22.Nd6 Rf8 23.Nf7+ Kc7 24.Nxe5 Nxe5 25.Rxe5 Rd8 26.Rae1 Kb6 27.Re7 g5 28.
Rg7 Rd6 29.Rge7 Rc6 30.Bb3 Ka7 31.Rg7 Rd6 32.Rg8 Bd7 33.Rg7 Re8 34.Rf1 Re2
35.Rff7 Bc6 36.Kf1 Rxg2 37.h4 g4 38.Rf4 Bf3 39.Rgf7 Rh2 40.R7f6 Rxf6 41.
Rxf6 Rxh4 42.Kf2 Rh2+ 43.Kg1 Rg2+ 44.Kf1 h5 45.Rh6 g3 46.c3 Rxb2 47.Re6 
Rxb3 0-1

[Event "Africa-ch U20 Girls"]
[Site "Tiaret ALG"]
[Date "2014.01.28"]
[Round "5"]
[White "Domingos, Maria M"]
[Black "Lahmar, Chaima"]
[Result "1-0"]
[WhiteElo "1477"]
[BlackElo "1525"]
[EventDate "2014.01.25"]
[PlyCount "57"]

1.e4 d5 2.exd5 Qxd5 3.Nf3 Bg4 4.Be2 c6 5.Nc3 Qa5 6.d3 Nf6 7.Bd2 Qc7 8.h3 
Bh5 9.Qc1 e6 10.Bf4 Bd6 11.Bxd6 Qxd6 12.Ne4 Nxe4 13.dxe4 Qb4+ 14.Nd2 Bxe2 
15.Kxe2 Qb5+ 16.c4 Qh5+ 17.Nf3 Qg6 18.Qf4 O-O 19.Rhd1 f6 20.Qc7 Qxe4+ 21.
Kf1 Qxc4+ 22.Kg1 Qb4 23.a3 Qb6 24.Qe7 e5 25.b4 a5 26.Rd6 h6 27.Rad1 axb4 
28.Rd7 Nxd7 29.Rxd7 1-0

[Event "Africa-ch U20 Girls"]
[Site "Tiaret ALG"]
[Date "2014.01.28"]
[Round "5"]
[White "Yousfi, Yasmine"]
[Black "Lalaoui, Feriel"]
[Result "0-1"]
[WhiteElo "1621"]
[BlackElo "1733"]
[EventDate "2014.01.25"]
[PlyCount "118"]

1.c4 Nf6 2.Nc3 e5 3.g3 Nc6 4.Bg2 Bc5 5.Nf3 d6 6.d3 h6 7.e3 a6 8.O-O O-O 9.
d4 exd4 10.exd4 Ba7 11.h3 Re8 12.d5 Ne7 13.Nd4 Nf5 14.Nxf5 Bxf5 15.Ne2 Qd7
16.Kh2 Ne4 17.Nd4 Bg6 18.Be3 Nxf2 19.Bxf2 Re7 20.Qd2 Rae8 21.Rae1 Rxe1 22.
Rxe1 Rxe1 23.Bxe1 Bxd4 24.Qxd4 Qa4 25.Bc3 f6 26.Qg4 Qc2 27.h4 h5 28.Qf4 
Kf7 29.Qd2 Qb1 30.Qe2 Kf8 31.Qe6 Bf5 32.Qe2 Bg6 33.a3 b6 34.Qf1 Qc2 35.Qe1
Bf5 36.Qd2 Qb1 37.b4 Bd3 38.c5 b5 39.Qb2 Qd1 40.cxd6 cxd6 41.Qd2 Qb1 42.
Qf4 Qc2 43.Qxd6+ Kg8 44.Qe6+ Kh7 45.d6 Bf5 46.Qe3 Qb3 47.Be4 Qa2+ 48.Bd2 
Qe6 49.Qd3 Bxe4 50.Qe3 f5 51.Qd4 Bc6 52.Qf2 Qe4 53.Qg1 Qe2+ 54.Kh3 Qxd2 
55.Qf1 Qxd6 56.Qxf5+ Qg6 57.Qf2 Qg4+ 58.Kh2 Qf3 59.Qc2+ Be4 0-1

[Event "Africa-ch U20 Girls"]
[Site "Tiaret ALG"]
[Date "2014.01.29"]
[Round "6"]
[White "Ait Abbas, Nesrine"]
[Black "Yousfi, Yasmine"]
[Result "0-1"]
[WhiteElo "1420"]
[BlackElo "1621"]
[EventDate "2014.01.25"]
[PlyCount "134"]

1.c4 e5 2.Nc3 Nf6 3.g3 Bb4 4.Bg2 O-O 5.Nf3 Nc6 6.O-O e4 7.Ng5 Bxc3 8.bxc3 
Re8 9.Qc2 d5 10.cxd5 Qxd5 11.Nh3 Bxh3 12.Bxh3 Qh5 13.Bg2 Qxe2 14.Ba3 Rad8 
15.Rad1 Ne5 16.Rfe1 Nf3+ 17.Bxf3 Qxf3 18.Bc5 b6 19.Bd4 Ng4 20.Be3 Ne5 21.
Rf1 Qh5 22.Kg2 Nf3 23.h3 Qd5 24.Qa4 Qb7 25.Qc2 Ne5 26.Kg1 Nd3 27.Rb1 Qc6 
28.Qb3 Qe6 29.Kh2 Qxb3 30.axb3 Ne5 31.Kg2 f5 32.Ra1 a5 33.Bf4 h6 34.h4 Re7
35.Rfd1 Kf7 36.Ra4 Nd3 37.Ra2 Nxf4+ 38.gxf4 Kf6 39.f3 e3 40.d4 g5 41.Kg3 
Rg8 42.fxg5+ hxg5 43.hxg5+ Kxg5 44.f4+ Kf6+ 45.Kf3 Rg4 46.Rg2 e2 47.Re1 
Rxg2 48.Kxg2 Re3 49.Kf2 Rxc3 50.Rxe2 Rxb3 51.Rc2 Ke6 52.Rxc7 a4 53.Ra7 b5 
54.Ra8 Kd5 55.Rd8+ Ke4 56.d5 a3 57.d6 Kxf4 58.d7 Rd3 59.Ra8 Rxd7 60.Rxa3 
Rd2+ 61.Ke1 Rb2 62.Kd1 Ke4 63.Kc1 Rb4 64.Kd2 f4 65.Ke1 Rb2 66.Kf1 b4 67.
Ra1 Ke3 0-1

[Event "Africa-ch U20 Girls"]
[Site "Tiaret ALG"]
[Date "2014.01.29"]
[Round "6"]
[White "Lahmar, Chaima"]
[Black "De Castro, Neusa Aridas"]
[Result "1/2-1/2"]
[WhiteElo "1525"]
[BlackElo "1462"]
[EventDate "2014.01.25"]
[PlyCount "105"]

1.e4 e5 2.Nf3 d6 3.Nc3 Nf6 4.d3 Be7 5.Be2 Nc6 6.Bg5 Be6 7.O-O O-O 8.Qd2 
Qd7 9.h3 Rfe8 10.Nd1 d5 11.exd5 Nxd5 12.Bxe7 Ndxe7 13.Nc3 Ng6 14.Kh1 f6 
15.Nh2 Nf4 16.Bf3 Rab8 17.Ne2 Ng6 18.c3 Nh4 19.Ng3 Nxf3 20.Nxf3 Rbd8 21.
Rad1 Bd5 22.Qe2 Ne7 23.c4 Bc6 24.Kg1 Ng6 25.Qe3 Qe6 26.b3 b6 27.d4 Bxf3 
28.Qxf3 exd4 29.Rde1 Qd7 30.Rxe8+ Qxe8 31.Rd1 Qf8 32.Qc6 Qf7 33.Nf5 d3 34.
Qe4 Qd7 35.Ne3 Ne5 36.Qd5+ Kh8 37.f4 Nc6 38.Qxd7 Rxd7 39.Nd5 h6 40.Rxd3 
Ne7 41.Rc3 c6 42.Nxe7 Rxe7 43.Kf2 Kh7 44.Re3 Rd7 45.Ke2 c5 46.g3 g5 47.
fxg5 fxg5 48.g4 Kg7 49.Re6 Rf7 50.Re3 Rd7 51.Re6 Rf7 52.Re3 Rd7 53.Re6 
1/2-1/2

[Event "Africa-ch U20 Girls"]
[Site "Tiaret ALG"]
[Date "2014.01.29"]
[Round "6"]
[White "Lalaoui, Feriel"]
[Black "Domingos, Maria M"]
[Result "1-0"]
[WhiteElo "1733"]
[BlackElo "1477"]
[EventDate "2014.01.25"]
[PlyCount "93"]

1.e4 e5 2.Nf3 d6 3.d4 exd4 4.Nxd4 Nf6 5.Nc3 Be7 6.Bc4 c5 7.Nf3 Nbd7 8.Bf4 
Nb6 9.Bb5+ Kf8 10.Qd2 a6 11.Be2 Be6 12.O-O-O d5 13.e5 Ng4 14.Rdf1 h5 15.h3
Nh6 16.Ng5 Bxg5 17.Bxg5 Qc7 18.f4 Nf5 19.Rf2 d4 20.Ne4 Bd5 21.Bf3 Nc4 22.
Qe1 Bxe4 23.Bxe4 Ng3 24.Rg1 Ne3 25.Bf3 a5 26.Rd2 a4 27.Qxg3 Qb6 28.Qe1 Nc4
29.b3 Nxd2 30.Qxd2 axb3 31.cxb3 Qa6 32.Kb1 Ke8 33.Rc1 Qa3 34.Bxb7 Ra7 35.
Bc6+ Kf8 36.Qc2 Kg8 37.Qb2 Qxb2+ 38.Kxb2 Kh7 39.Rxc5 g6 40.Be4 Rb8 41.Rd5 
Rba8 42.a4 Rb8 43.Rxd4 Rc7 44.g4 Rc6 45.gxh5 Rc7 46.hxg6+ fxg6 47.Rd6 1-0